<?xml version="1.0" encoding="UTF-8"?><?xml-stylesheet type="text/xsl" href="static/style.xsl"?><OAI-PMH xmlns="http://www.openarchives.org/OAI/2.0/" xmlns:xsi="http://www.w3.org/2001/XMLSchema-instance" xsi:schemaLocation="http://www.openarchives.org/OAI/2.0/ http://www.openarchives.org/OAI/2.0/OAI-PMH.xsd"><responseDate>2026-06-06T01:04:06Z</responseDate><request verb="GetRecord" identifier="oai:riuma.uma.es:10630/21832" metadataPrefix="marc">https://riuma.uma.es/rest/oai/request</request><GetRecord><record><header><identifier>oai:riuma.uma.es:10630/21832</identifier><datestamp>2026-02-03T12:09:40Z</datestamp><setSpec>com_10630_2254</setSpec><setSpec>col_10630_37959</setSpec></header><metadata><record xmlns="http://www.loc.gov/MARC21/slim" xmlns:dcterms="http://purl.org/dc/terms/" xmlns:doc="http://www.lyncode.com/xoai" xmlns:xsi="http://www.w3.org/2001/XMLSchema-instance" xsi:schemaLocation="http://www.loc.gov/MARC21/slim http://www.loc.gov/standards/marcxml/schema/MARC21slim.xsd">
   <leader>00925njm 22002777a 4500</leader>
   <datafield ind2=" " ind1=" " tag="042">
      <subfield code="a">dc</subfield>
   </datafield>
   <datafield ind2=" " ind1=" " tag="720">
      <subfield code="a">Natoli Rojo, Daniel</subfield>
      <subfield code="e">author</subfield>
   </datafield>
   <datafield ind2=" " ind1=" " tag="260">
      <subfield code="c">2021</subfield>
   </datafield>
   <datafield ind2=" " ind1=" " tag="520">
      <subfield code="a">En estos tiempos de cuerpos en habitaciones y pantallas conectadas, la presencia en internet de nuestra producción profesional se antoja inevitable. En algunos campos, sobre todo los vinculados a lo creativo, esta presencia es incluso una de las herramientas más eficaces para la búsqueda de empleo o de potenciales clientes. La clase impartida trata de dar unas nociones muy concretas sobre cómo montar una página web desde cero, sin ningún conocimiento previo sobre lenguajes de programación, con la idea de que el alumnado pueda exponer su portfolio de forma virtual de una manera sencilla, cuidada y atractiva visualmente. &#xd;
&#xd;
Para ello, se hace un recorrido por tres vías de desarrollo web: la programación de cero, las opciones de web builders y los gestores de contenido (CMS). Para profundizar más y cristalizar estos conceptos en algo práctico, se propone un paseo por dos constructores webs: las plataformas Cargo Collective y Square Space, con el objetivo final de que el alumnado pueda acabar la clase conociendo de forma concreta cómo diseñar su propio portfolio web.</subfield>
   </datafield>
   <datafield ind1="8" ind2=" " tag="024">
      <subfield code="a">https://hdl.handle.net/10630/21832</subfield>
   </datafield>
   <datafield tag="653" ind2=" " ind1=" ">
      <subfield code="a">Páginas Web - Diseño</subfield>
   </datafield>
   <datafield tag="653" ind2=" " ind1=" ">
      <subfield code="a">Internet</subfield>
   </datafield>
   <datafield ind2="0" ind1="0" tag="245">
      <subfield code="a">¿Cómo crear una web de forma sencilla? Posibilidades y recursos disponibles.</subfield>
   </datafield>
</record>
</metadata></record></GetRecord></OAI-PMH>